best operators in rainbow six seige - Statistics

General Stats
  • This quiz has been taken 190 times
  • The average score is 2 of 7
Answer Stats
hints Answer % Correct
very good blitz
72%
good tachanka
49%
good clash
44%
good castle
39%
good monte
12%
good ying yong
8%
good fuze (shield)
7%
No matching quizzes found
Score Distribution
Percent of People with Each Score
Percentile by Number Answered
Your Score History
You have not taken this quiz